| 000 | 00648nam a2200217Ii 4500 | ||
|---|---|---|---|
| 003 | JO-AjNU | ||
| 008 | 230605s9999||||xx |||||||||||||| ||und|| | ||
| 017 | _a2003/11/2410 | ||
| 040 |
_aJO-AjNU _bara _erda _cJO-AjNU |
||
| 041 | _aara | ||
| 050 | 1 | 4 | _aQD31.3.S248 2004 |
| 100 | 3 |
_aياسر ، ميرفانا, _eauthor _917505 |
|
| 245 | 0 | 0 | _aمكتبة الطالب العلمية في الكيمياء |
| 250 | _aط1 | ||
| 264 | 3 | 1 | _aعمان:دار الاسرة ، 2004 |
| 300 | _a143ص | ||
| 336 |
_atext _btxt _2rdacontent |
||
| 337 |
_aunmediated _bn _2rdamedia |
||
| 338 |
_avolume _bnc _2rdacarrier |
||
| 650 | 4 |
_aالكيمياء _917506 |
|
| 999 |
_aA5419 _c8987 _d8987 |
||